Catalog

Record Details

Catalog Search



Modeling, Analysis and Optimization of Network-on-Chip Communication Architectures Cover Image E-book E-book

Modeling, Analysis and Optimization of Network-on-Chip Communication Architectures

Ogras, Umit Y. (author.). Marculescu, Radu. (author.). SpringerLink (Online service) (Added Author).

Record details

  • ISBN: 9789400739581
  • Physical Description: electronic
    electronic resource
    access
    remote
    XIV, 174 p. 67 illus., 10 illus. in color. online resource.
  • Publisher: Dordrecht : Springer Netherlands : Imprint: Springer, 2013.
Subject: Engineering
Computer science
Systems engineering
Engineering
Circuits and Systems
Processor Architectures

Electronic resources


LDR 01588nam a22004095i 4500
00127397
003CONS
00520130726205031.0
007cr nn 008mamaa
008130321s2013 ne | s |||| 0|eng d
020 . ‡a9789400739581 ‡9978-94-007-3958-1
0247 . ‡a10.1007/978-94-007-3958-1 ‡2doi
035 . ‡a(DE-He213)978-94-007-3958-1
050 4. ‡aTK7888.4
072 7. ‡aTJFC ‡2bicssc
072 7. ‡aTEC008010 ‡2bisacsh
1001 . ‡aOgras, Umit Y. ‡eauthor.
24510. ‡aModeling, Analysis and Optimization of Network-on-Chip Communication Architectures ‡h[electronic resource] / ‡cby Umit Y. Ogras, Radu Marculescu.
264 1. ‡aDordrecht : ‡bSpringer Netherlands : ‡bImprint: Springer, ‡c2013.
300 . ‡aXIV, 174 p. 67 illus., 10 illus. in color. ‡bonline resource.
336 . ‡atext ‡btxt ‡2rdacontent
337 . ‡acomputer ‡bc ‡2rdamedia
338 . ‡aonline resource ‡bcr ‡2rdacarrier
347 . ‡atext file ‡bPDF ‡2rda
4901 . ‡aLecture Notes in Electrical Engineering, ‡x1876-1100 ; ‡v184
650 0. ‡aEngineering.
650 0. ‡aComputer science.
650 0. ‡aSystems engineering.
65014. ‡aEngineering.
65024. ‡aCircuits and Systems.
65024. ‡aProcessor Architectures.
7001 . ‡aMarculescu, Radu. ‡eauthor.
7102 . ‡aSpringerLink (Online service)
7730 . ‡tSpringer eBooks
77608. ‡iPrinted edition: ‡z9789400739574
830 0. ‡aLecture Notes in Electrical Engineering, ‡x1876-1100 ; ‡v184
85640. ‡uhttp://biblioteca.ipicyt.edu.mx:2048/login?url=http://dx.doi.org/10.1007/978-94-007-3958-1 ‡yTexto completo ‡9CONS
950 . ‡aEngineering (Springer-11647)
901 . ‡a27397 ‡b ‡c27397 ‡tbiblio ‡sSystem Local

Additional Resources